• 首页
  • 本馆介绍
  • 公告通知
  • 最新文献
  • 馆藏检索
  • 电子资源
  • 读者导购
  • 参考咨询
  • 我的图书馆
  • 登录
  • 详细信息显示
  • 放入我的书架
  • 预约/预借图书
  • 作者相关作品
  • 分类相关作品
  • 丛书相关作品
  • 出版社相关作品

书目信息

  • 表格格式
  • 工作单格式
  • 卡片格式
题名:
先秦政治思想史
    
 
作者: 梁启超 著
分册:  
出版信息: 北京   中国人民大学出版社  2012
页数: 202页
开本: 23cm
丛书名:
单 册:
中图分类: D092.2
科图分类:
主题词: 政治思想史--中国--先秦史 , 政治思想史
电子资源:
ISBN: 978-7-300-15123-6
000 00683nam0 2200241 45
001 1237687263
005 20120618085821.93
010    @a978-7-300-15123-6@dCNY26.00
100    @a20120509d2011 ekmy0chiy0120 ea
101 0  @achi
102    @aCN@b110000
105    @ay z 000yy
106    @ar
200 1  @a先秦政治思想史@AXian Qin Zheng Zhi Si Xiang Shi@f梁启超著@FLiang Qi Chao Zhu
210    @a北京@c中国人民大学出版社@d2012
215    @a202页@d23cm
300    @a国学基本文库
606 0  @a政治思想史@y中国@z先秦史
606 0  @a政治思想史
690    @aD092.2@v4
701  0 @a梁启超@ALiang Qi Chao@4著
801  0 @aCN@bTSTCL@c20120604
905    @b0818263-66@dD092.2@e132@f4
    
    先秦政治思想史/梁启超著.-北京:中国人民大学出版社,2012
    202页;23cm
    国学基本文库
    
    ISBN 978-7-300-15123-6:CNY26.00
    
●
相关链接 在E读中查询图书 在五车中查询图书 在当当中查询图书 在豆瓣中查询图书


正题名:先秦政治思想史     索取号:D092.2/132         预约/预借

序号 登录号 条形码 馆藏地/架位号 状态 备注
1 0818263   208182633   第一样本阅览室/ [索取号:D092.2/132] 在馆    
2 0818264   208182642   第一借阅区/ [索取号:D092.2/132] 在馆    
3 0818265   208182651   第一借阅区/ [索取号:D092.2/132] 在馆    
4 0818266   208182660   第一借阅区/ [索取号:D092.2/132] 在馆    
唐山师范学院图书馆 欢迎您!
大连网信软件有限公司© 版权所有